¿Cómo fortalecer el interés y la colaboración de lo smiembros de la cooperativa? /

Saved in:
Bibliographic Details
Main Author: Rust, Irwin W.
Other Authors: LeBeau, Oscar
Format: Text
Published: México: Centro Regional de Ayuda Técnica
Tags: Add Tag
No Tags, Be the first to tag this record!

MARC

LEADER 00000 a a2200000 04500
001 17203
003
040
090 |a 005200  
100 |a Rust, Irwin W.  
245 |a ¿Cómo fortalecer el interés y la colaboración de lo smiembros de la cooperativa? /  |c Irwin W. Rust 
260 |a México:   |b Centro Regional de Ayuda Técnica  
300 |a 12 p.  
700 |a LeBeau, Oscar  
999 |c 11427  |d 11427